Score 0/22 Timer 03:00
0 Plays Today
Clue Word % Correct
One aged between twelve and twentyTEEN
96.2%
Perceived with the eyesSEEN
95.1%
Rudolph or BambiDEER
92.6%
Unable to hearDEAF
92.2%
Friendly form of addressDEAR
90.2%
★ Photosynthesizing plant part ★★ LEAF ★
85.6%
Scandinavian boy's nameSVEN
82.6%
Multiples of twoEVEN
80.3%
A vehicle used on snow or iceSLED
76.4%
★ Move in a circular direction ★★ TURN ★
75.4%
Sea bird of the genus SternaTERN
74.7%
Clue Word % Correct
An awfully long time !EVER
72.1%
Something that is carried outDEED
68.7%
Past tense of slaySLEW
68.6%
Small embryonic plant SEED
67.4%
★ Above, or higher than ★★ OVER ★
66.4%
Single numbersONES
60.5%
Lyrical poemsODES
55.7%
★ In a novel or different way ★★ A NEW ★
48.1%
European river; flows into the Baltic SeaODER
47.8%
To snow; to aboundSNEW
44.4%
Once (archaic)ANES
33.1%

Today's Daily Dose

You're not logged in!

Compare scores with friends on all Sporcle quizzes.
OR
Log In

Sporcle TV

Today on Sporcle TV


Watch our educational content, quiz creation guides, and fun videos on Sporcle TV.

Show Comments

Extras

Top Quizzes Today


Score Distribution

Paid Content

Your Account Isn't Verified!

In order to create a playlist on Sporcle, you need to verify the email address you used during registration. Go to your Sporcle Settings to finish the process.

Report this User

Report this user for behavior that violates our Community Guidelines.

Details: